000 01978nam a2200421 c 4500
003 BLK
005 20240102095210.0
008 180408b bul|||||r ||||||| ||bul||
010 _aKNG00092999000
020 _a978-954-509-424-8
_bиздат.: Воен. изд.
040 _aBLK
041 _aBUL
_cBUL
080 _aОргани на обществения ред. Полиция. Обществена власт. Доброволни отреди. Държавна сигурност. Милиция. Дейност на полицията по вътрешно разузнаване
_b351.74
_x(47+57:497.2)(091)
_z351.74(47+57:497.2)(091)
080 _aШпионаж. Политическо влияние чрез тайни (разузнавателни) служби
_b327.84
_x(47+57:497.2)
_z327.84(47+57:497.2)
100 1 _aБаев, Йордан Ангелов
_eпърви автор
_9255029
139 _aБаев, Йордан Ангелов
_bБ 13
245 1 0 _aКГБ в България
_bСътрудничеството между съветските и бълг. тайни служби 1944 - 1991
_cЙордан Ангелов Баев.
257 _aBGR
260 София
_bВоен. изд.
_c2009
300 _a352 с.
_bс табл., факс.
_c24 см
380 _a3
500 _aБиблиогр. с. 295-309.
504 _a295-309
650 4 _aДържавна сигурност - СССР - история
_9255978
650 4 _aДържавна сигурност - България
_9254494
651 4 _aСССР
_9179592
651 4 _aБългария
_9241624
653 _aдържавна сигурност
653 _aтайни служби
653 _aКГБ
653 _aистория
852 _aЦб 246239
856 4 _qpdf
_u
856 4 _qpdf
_u
942 _cKNG
_n0
_02
944 _aCR
_c11.12.2009
_lМартин Енчев
_k30575
944 _aED
_c04.01.2010
_lф /
_k
999 _c88337
_d88337